[Event "Iron Man"]
[Site "SchemingMind.com"]
[Date "2008.10.09"]
[Round "-"]
[White "joopsim"]
[Black "nimzoking"]
[Result "1/2-1/2"]
[WhiteCountry "NED"]
[BlackCountry "ENG"]
[WhiteElo "2388"]
[WhiteRD "91"]
[BlackElo "2165"]
[BlackRD "67"]
[GameID "174338"]

1. e4 e6 2. d4 d5 3. e5 c5 4. c3 Nc6 5. Nf3 Bd7 6. a3 Nge7 7. Be2 c4 8. O-O Qb6 9. Qc2 Na5 10. Bf4 Nb3
11. Ra2 Ng6 12. Be3 f5 13. h4 Be7 14. h5 Nh4 15. Nxh4 Bxh4 16. a4 O-O 17. g3 Be7 18. Nd2 h6 19. Kg2 a5 20. Bd1 Nxd2
21. Qxd2 Rad8 22. Qe2 Rc8 23. Bc2 Qd8 24. f4 Rc6 25. g4 Kh8 26. Kh2 Qe8 27. gxf5 exf5 28. Rg1 Rg8 29. Qf3 g5 30. hxg6 Rcxg6
31. Qh3 Qf8 32. Rxg6 Rxg6 33. Bd1 Qg7 34. Bh5 Rb6 35. Bf2 Be6 36. Bh4 Bxh4 37. Qxh4 Qf8 38. Bf3 Bg8=
1/2-1/2

[Event "Iron Man"]
[Site "SchemingMind.com"]
[Date "2008.10.09"]
[Round "-"]
[White "nimzoking"]
[Black "joopsim"]
[Result "0-1"]
[WhiteCountry "ENG"]
[BlackCountry "NED"]
[WhiteElo "2165"]
[WhiteRD "67"]
[BlackElo "2388"]
[BlackRD "91"]
[GameID "174349"]

1. e4 e6 2. d4 d5 3. e5 c5 4. c3 Nc6 5. Be3 Qb6 6. Qd2 f6 7. f4 Nh6 8. Nf3 Nf5 9. dxc5 Bxc5 10. Bxc5 Qxc5
11. b4 Qb6 12. b5 Nce7 13. a4 fxe5 14. Nxe5 Ng6 15. a5 Qe3+ 16. Qxe3 Nxe3 17. Ke2 Nf5 18. Nxg6 hxg6 19. Kf2 Bd7 20. Bd3 O-O
21. Re1 Nd6 22. Kg3 Rf6 23. Nd2 Rc8 24. Rac1 Bxb5 25. Bxb5 Nxb5 26. c4 Nd4 27. h4 Rf7 28. Rc3 Rc5 29. Kg4 Rd7
0-1

[Event "Iron Man"]
[Site "SchemingMind.com"]
[Date "2008.11.01"]
[Round "-"]
[White "swashbuckler"]
[Black "GrischukFan"]
[Result "1/2-1/2"]
[WhiteCountry "GBR"]
[BlackCountry "GER"]
[WhiteElo "1902"]
[WhiteRD "82"]
[BlackElo "2248"]
[BlackRD "86"]
[GameID "176534"]

1. e4 e6 2. d4 d5 3. e5 c5 4. c3 Nc6 5. Nf3 Bd7 6. Be2 Nge7 7. Na3 cxd4 8. cxd4 Nf5 9. Nc2 Qb6 10. O-O a5
11. a4 Be7=
1/2-1/2

[Event "Iron Man"]
[Site "SchemingMind.com"]
[Date "2008.11.01"]
[Round "-"]
[White "GrischukFan"]
[Black "swashbuckler"]
[Result "1/2-1/2"]
[WhiteCountry "GER"]
[BlackCountry "GBR"]
[WhiteElo "2248"]
[WhiteRD "86"]
[BlackElo "1902"]
[BlackRD "82"]
[GameID "176541"]

1. e4 e6 2. d4 d5 3. e5 c5 4. c3 Nc6 5. Nf3 Qb6 6. a3 c4 7. Nbd2 Na5 8. Be2 Bd7 9. O-O Ne7 10. Ng5 h6
11. Nh3 O-O-O 12. Nf4 f5 13. b4=
1/2-1/2

[Event "Iron Man"]
[Site "SchemingMind.com"]
[Date "2008.11.22"]
[Round "-"]
[White "GLF"]
[Black "swashbuckler"]
[Result "0-1"]
[WhiteCountry "USA"]
[BlackCountry "GBR"]
[WhiteElo "1599"]
[WhiteRD "100"]
[BlackElo "1936"]
[BlackRD "86"]
[GameID "180092"]

1. e4 e6 2. d4 d5 3. e5 c5 4. dxc5 Nc6 5. Nf3 Nge7 6. Bb5 Bd7 7. O-O a6 8. Bxc6 Nxc6 9. Nc3 Bxc5 10. Be3 Bxe3
11. fxe3 Qc7 12. a3 O-O 13. b4 Nxe5 14. Nxe5 Qxe5 15. Qd4 Qxd4 16. exd4 Rac8 17. Rf3 Rc4 18. Rd1 Rfc8 19. Rdd3 Bb5 20. a4 Bd7
21. Kf2 Rxb4 22. Na2 Rxc2+ 23. Kg3 Rxa2 24. Rb3 Raxa4 25. h3 Rxb3 26. Rxb3 Bb5 27. Rc3 Rc4 28. Rxc4 Bxc4 29. Kf4 a5 30. Ke3 a4
31. Kd2 b5 32. Kc3 a3 33. Kc2 b4
0-1

[Event "Iron Man"]
[Site "SchemingMind.com"]
[Date "2008.11.27"]
[Round "-"]
[White "swashbuckler"]
[Black "GLF"]
[Result "1-0"]
[WhiteCountry "GBR"]
[BlackCountry "USA"]
[WhiteElo "1932"]
[WhiteRD "83"]
[BlackElo "1602"]
[BlackRD "100"]
[GameID "180096"]

1. e4 e6 2. d4 d5 3. e5 f6 4. f4 fxe5 5. fxe5 c5 6. c3 cxd4 7. cxd4 Bb4+ 8. Nc3 Bxc3+ 9. bxc3 Ne7 10. Bd3 O-O
11. Nf3 Nbc6 12. O-O h6 13. Qe1 g5 14. Qg3 a6 15. Bxg5 hxg5 16. Qxg5+ Kh8 17. Qh6+ Kg8 18. Qh7#
1-0

[Event "Iron Man"]
[Site "SchemingMind.com"]
[Date "2009.01.20"]
[Round "-"]
[White "swashbuckler"]
[Black "Ollowain"]
[Result "1/2-1/2"]
[WhiteCountry "GBR"]
[BlackCountry "GER"]
[WhiteElo "1842"]
[WhiteRD "84"]
[BlackElo "2084"]
[BlackRD "83"]
[GameID "187770"]

1. e4 e6 2. d4 d5 3. e5 c5 4. c3 Nc6 5. Nf3 Qb6 6. a3 Bd7 7. b4 cxd4 8. cxd4 Rc8 9. Bb2 Nge7 10. Nc3 Nf5
11. Na4 Qd8 12. Nc5 a5 13. Nxb7 Qc7 14. Ba6 Nxb4 15. Nd6+ Nxd6 16. axb4 Nc4 17. Bc3 Ra8 18. b5 Qb6 19. O-O Bxb5 20. Bxb5+ Qxb5
21. Qa4 Qxa4 22. Rxa4 Be7 23. Nd2 Kd7 24. Nxc4 dxc4 25. f4 Rhc8 26. Rfa1 Bd8 27. Kf2 f5 28. Rb1 Ra7 29. Kf3 Rc6 30. Rb5 Rb6=
1/2-1/2

[Event "Iron Man"]
[Site "SchemingMind.com"]
[Date "2009.01.20"]
[Round "-"]
[White "Ollowain"]
[Black "swashbuckler"]
[Result "1-0"]
[WhiteCountry "GER"]
[BlackCountry "GBR"]
[WhiteElo "2084"]
[WhiteRD "83"]
[BlackElo "1842"]
[BlackRD "84"]
[GameID "187776"]

1. e4 e6 2. d4 d5 3. e5 c5 4. c3 Bd7 5. Nf3 Nc6 6. Be2 Rc8 7. O-O Nge7 8. Na3 cxd4 9. Nb5 Nf5 10. Nbxd4 Nfxd4
11. cxd4 Be7 12. a3 O-O 13. b4 f6 14. Be3 fxe5 15. Nxe5 Nxe5 16. dxe5 a6 17. Rc1 Rxc1 18. Qxc1 Qc8 19. Bd4 Qe8= 20. Qc7 Bc6
21. f4 Rf7 22. Qb6 Qf8 23. Be3 Bd8 24. Qd4 Bh4 25. f5 Bd8 26. f6 gxf6 27. Bh5 f5 28. Bxf7+ Qxf7 29. Rf3 Bh4 30. Qxh4
1-0

[Event "Iron Man"]
[Site "SchemingMind.com"]
[Date "2009.04.01"]
[Round "-"]
[White "Ollowain"]
[Black "joopsim"]
[Result "0-1"]
[WhiteCountry "GER"]
[BlackCountry "NED"]
[WhiteElo "2101"]
[WhiteRD "88"]
[BlackElo "2429"]
[BlackRD "91"]
[GameID "198814"]

1. e4 e6 2. d4 d5 3. e5 c5 4. c3 Nc6 5. Nf3 Bd7 6. Be2 Nh6 7. O-O Qb6 8. dxc5 Bxc5 9. b4 Be7 10. b5 Na5
11. a4 Rc8 12. Bd3 Nf5 13. Bxf5 exf5 14. Ba3 Bxa3 15. Nxa3 Be6 16. Rc1 O-O 17. Qd4 Nb3 18. Qxb6 axb6 19. Rc2 Ra8 20. Nb1 Rxa4
21. Nbd2 Nc5 22. Nd4 Bd7 23. Rd1 Ne4 24. Nxe4 fxe4 25. f4 Rc4 26. Kf2 Rc5 27. Rb1 Ra8 28. Ke3 g6 29. Rb3 Bg4 30. Rc1 Ra2
31. h3 Bd7 32. Rg1 Kf8 33. h4 Bg4 34. h5 Kg7 35. hxg6 Kxg6 36. f5+ Bxf5 37. Rf1 Be6 38. Rf2 Rxf2 39. Kxf2 Kg5 40. g3 Bd7
0-1

[Event "Iron Man"]
[Site "SchemingMind.com"]
[Date "2009.04.01"]
[Round "-"]
[White "joopsim"]
[Black "Ollowain"]
[Result "1-0"]
[WhiteCountry "NED"]
[BlackCountry "GER"]
[WhiteElo "2429"]
[WhiteRD "91"]
[BlackElo "2101"]
[BlackRD "88"]
[GameID "198819"]

1. e4 e6 2. d4 d5 3. e5 c5 4. c3 Nc6 5. Nf3 Bd7 6. Be2 Rc8 7. O-O Nh6 8. Bxh6 gxh6 9. Qd2 Qb6 10. dxc5 Bxc5
11. Na3 Bxa3 12. bxa3 Qc7 13. c4 dxc4 14. Rad1 Rd8 15. Qf4 Ne7 16. Qxh6 Ng6 17. Qg7 Bc6 18. Ng5 Rxd1 19. Rxd1 Bd5 20. h4 Qe7
21. h5 Qxg5 22. Rxd5 exd5 23. hxg6 Qxg6 24. Qxh8+ Ke7 25. Qc8 Qc6 26. Qxc6 bxc6 27. Kf1 Ke6 28. f4 Kf5 29. g3 c3 30. Bd3+ Kg4
31. Kf2
1-0